| 000 | 00798nab a2200241 u 4500 | ||
|---|---|---|---|
| 001 | 16053 | ||
| 003 | HDC | ||
| 007 | cr bn ---aaaaa | ||
| 008 | 210220c20101113xx dr|noo 0 a eng d | ||
| 040 | _aHDC | ||
| 245 | 0 | _aHalal-friendly travel emerges as new market sector | |
| 260 |
_a[No place] : _b[publisher not identified], _c2010 |
||
| 336 |
_atext _2rdacontent |
||
| 337 |
_acomputer _2rdamedia |
||
| 338 |
_aonline resource _2rdacarrier |
||
| 650 |
_aHalal-friendly travel _916008 |
||
| 650 |
_aMuslim travel market _914121 |
||
| 710 | _aHalal Focus | ||
| 856 | _zRequest full-text at [email protected] | ||
| 942 | _2lcc | ||
| 942 | _cNEWS | ||
| 942 | _kNWSO 005630 | ||
| 999 |
_c13369 _d13369 |
||